000 01011cam a2200229 4500
001 WB@3612-178
008 041006n2004 000 0 eng u
035 _a(Sirsi) u127637
245 _aTop letting agents
260 _c2004
490 _aEstates Gazette
_v(0440) 2 October 2004 40 (1)
520 _aCBRE has maintained its position a the top letting agent in central London for the third quarter of 2004, even though the total space that it let was half the amount let in the second quarter. According to the Egi London office database, the firm disposed of 594 000 sq ft in the past three months, compared with over 1m sq ft in the previous quarter. DTZ was in second place with a total of 48 deals - actually three more than CBRE. Third was Knight Frank.
590 _aWB
590 _aWB
650 _aLETTING AGENTS
650 _aCENTRAL LONDON
650 _aOFFICE MARKET
650 _aCOMMERCIAL LETTINGS
650 _aDISPOSALS
690 _aCOMMERCIAL PROPERTY-MARKET
942 _n0
999 _c118130
_d118130